00223nam a22000977a 4500008004100000100001800041245002500059250001000084260002300094300000800117240116b |||||||| |||| 00| 0 eng d aBare Act, EBC aCitizenship Act 1955 a26th  aLucknowbEBCc2023 a112